| 000 | 00780nam0a22002411 4500 | ||
|---|---|---|---|
| 001 | rc\140306 | ||
| 005 | 20260406064745.0 | ||
| 010 |
_a5-08-007476-0 _9200000 |
||
| 035 | _a(NLR Aleph) 005411979 | ||
| 090 |
_a7383582 _c7383582 |
||
| 100 | _a20030307d1991 |||y0rusy50 ca | ||
| 101 | 0 | _arus | |
| 102 | _aRU | ||
| 105 | _ay ||||||||| | ||
| 200 | 1 |
_aВ исправительной колонии _aПревращение _e[Перевод] _fФранц Кафка |
|
| 210 |
_aНовосибирск _cДет. лит. Сиб. отд-ние _d1991 |
||
| 215 |
_a93, [1] с. _d17 |
||
| 700 | 1 |
_8rus _7ca _aКафка _bФ. _f1883-1924 _gФранц _3RU\NLR\auth\7724108 _97160 |
|
| 801 | 0 |
_aRU _bNLR _gpsbo |
|
| 801 | 1 |
_aRU _bELAR _2rusmarc |
|
| 852 |
_aNLR _j91-2/991 |
||
| 942 | _cBOOK | ||
| 980 | _aNB | ||